000 00532cam a2200157 a 4500
020 _a1585032379 (pbk.)
020 _a1585032387 (pbk.)
050 0 0 _aTA345.5
_b.A98 2005
100 1 _aShih, Randy H.
245 1 0 _aParametric modeling using Inventor :
_bAutodesk Inventor 10 /
_cby Randy H. Shih.
260 _aMission, KS :
_bSchroff Development Corporation,
_cc2005.
300 _a1v. (various pagings)
500 _aIncludes index.
650 _xComputer-aided engineering ;
_xEngineering -- computer simulation.
942 _2lcc
_cGEN
999 _c6813
_d6813